Tablice Rejestracyjne Województwa Dolnośląskiego - Statystyki

Ogólne statystyki
  • Ten quiz został rozwiązany 135 razy
  • Średni wynik to 27 z 30
Statystyki odpowiedzi
Powiat Tablica Rejestracyjna % Poprawnych
Jelenia Góra DJ
99%
głogowski DGL
97%
Legnica DL
97%
jaworski DJA
96%
kłodzki DKL
96%
Wrocław DW
96%
bolesławiecki DBL
95%
górowski DGR
95%
oleśnicki DOL
95%
polkowicki DPL
95%
świdnicki DSW
95%
lwówecki DLW
94%
wrocławski DWR
94%
zgorzelecki DZG
94%
dzierżoniowski DDZ
93%
legnicki DLE
93%
lubiński DLU
93%
milicki DMI
93%
oławski DOA
93%
strzeliński DST
93%
trzebnicki DTR
93%
ząbkowicki DZA
92%
średzki DSR
91%
złotoryjski DZL
91%
kamiennogórski DKA
90%
wołowski DWL
88%
lubański DLB
87%
Wałbrzych DB
83%
wałbrzyski DBA
77%
karkonoski DJE
54%
Nie znaleziono quizów pasujących do podanych kryteriów
Rozkład punktacji
Procent ludzi z każdym wynikiem
Percentyl według liczby udzielonych odpowiedzi
Twoja historia wyników
Nie rozwiązałeś tego quizu